| 000 | 03224cas a2200313 i 4500 | ||
|---|---|---|---|
| 001 | 20975204 | ||
| 005 | 20260428064852.0 | ||
| 008 | 190516c20179999nyugr | a0eng | ||
| 010 |
_a 2019202326 _z 2018299829 |
||
| 020 | _a9798341725225 (paperback) | ||
| 035 | _a(OCoLC)1102637950 | ||
| 037 | _bLexisNexis, 230 Park Avenue, 7th Floor, New York, N.Y. 10169 | ||
| 040 |
_aDLC _beng _erda _cDLC _dDLC _dOCLCL |
||
| 042 |
_ansdp _apcc |
||
| 082 | 1 | 0 |
_a343.0721 LEX _223 |
| 222 | 0 |
_aAntitrust economics for lawyers _b(Print) |
|
| 245 | 0 | 0 | _aAntitrust economics for lawyers. |
| 264 | 1 |
_aNew York, NY : _bLexisNexis, _c2025. |
|
| 300 |
_axii, 352 pages; _c24 cm. |
||
| 336 |
_atext _btxt _2rdacontent |
||
| 365 | _bRs. 39941.00 | ||
| 490 | 0 | _aLexisNexis Antitrust Law & Strategy Series | |
| 505 | _aPART 1 MERGER ANALYSIS: CHAPTER 1 Market Definition and Multi-Product Firms in Merger Analysis - CHAPTER 2 Unilateral Effects of Horizontal Mergers - CHAPTER 3 Coordinated Effects in Merger Analysis - CHAPTER 4 Antitrust and Merger Enforcement in the AI Era - CHAPTER 5 The Economics of Monopsony - CHAPTER 6 Analyzing Merger Effects on Input Prices When Prices Are Negotiated - PART 2 MONOPOLY AND EXCLUSION: CHAPTER 7 Common Ownership - CHAPTER 8 Economics of Distribution and Franchising and Their Legal Implications - CHAPTER 9 Distinguishing Between Market Power and Monopoly Power in a Section 2 - CHAPTER 10 Bundling - CHAPTER 11 Contracts That Reference Rivals - CHAPTER 12 Antitrust and Standard Essential Patents - PART 3 DAMAGES: CHAPTER 13 Estimating Damages in Collusion Cases - CHAPTER 14 Class Certification - CHAPTER 15 Endogeneity Problems in Empirical Analyses of Antitrust and Competition - INDEX. | ||
| 520 | _aWritten for partners, attorneys and associates at law firms in antitrust practice. Antitrust economics is constantly evolving as a result of advances in economic analysis and research, and in response to developments in legal and regulatory proceedings. Antitrust law enforcement in turn generally reflects the main advances in antitrust economics. This book offers an accessible and clear exposition of the economics behind antitrust law, explaining several important developments in antitrust economics and discussing recent antitrust enforcement actions. Written by economic consultants and expert witnesses, the book discusses the economics of antitrust in a way that a lawyer, who may not have an economic background or degree, can understand. However, the text is not over-simplified, providing clearly explained formulae and equations. The book is broken down by merger analysis, monopoly and exclusion, and damages. The book stands alone in the field, of two competing texts, one is out of print, the other hasn’t been updated since a second edition in 2008. Antitrust Economics for Lawyers is MUCH more timely. The authors are highly qualified consultants and expert witnesses specializing in antitrust economic matters. | ||
| 710 | 2 | _aLexisNexis (Firm) | |
| 906 |
_a7 _bcbc _cserorig _d2 _encip _f20 _gn-oclcserc |
||
| 942 |
_2ddc _cBK |
||
| 999 |
_c217948 _d217948 |
||